000 00276nam a2200109Ia 4500
001 588864
005 20250717120838.0
008 250717s9999 xx 000 0 und d
245 0 _aY-6 İBRAHİM İLE KARTOPU
_cGÜLSÜM SEZGİN
260 _bERDEM YAYINLARI
_c2020
300 _b86
999 _c588864
_d588864